Statistics for Sport Picture Puzzle Game #3

Click here to take the quiz!

General Stats

  • This quiz has been taken 1,833 times
  • The average score is 9 of 17

Answer Stats

Hint Answer % Correct
HTML tutorial Green Bay _______ (NFL)Packers
84%
HTML tutorial NBA Champions in 2015Golden State Warriors
76%
HTML tutorial Nickname of American professional baseball legend George Herman RuthBabe
70%
HTML tutorial Fictional sport in Harry PotterQuidditch
70%
HTML tutorial What GP stand for in MotoGP?Grand Prix
65%
HTML tutorial A long-distance running event and town in GreeceMarathon
63%
HTML tutorial Queens Park _______ F.C.Rangers
61%
HTML tutorial First european country that won FIFA World CupItaly
60%
HTML tutorial Host city of Summer Olympic Games in 2004Athens
58%
HTML tutorial Karate, Boxing, Teakwondo e.g.Martial Arts
53%
HTML tutorial Colorado _________ (NHL)Avalanche
52%
HTML tutorial One is Ralf, other is Michael. They were racing drivers and
they are brothers. What is their last name?
Schumacher
46%
HTML tutorial Coach with most NBA titlesPhil Jackson
46%
HTML tutorial The Confederation of North, Central America and Caribbean Association FootballCONCACAF
34%
HTML tutorial Country of origin of Krav MagaIsrael
25%
Wladimir Klitschko
23%
HTML tutorial Only team from Romania that won UEFA Champions LeagueSteaua București
20%

Score Distribution

Percentile by Number Answered

Percent of People with Each Score

Your Score History

You have not taken this quiz